NSW Intercity Trains Network Map - Statistics

General Stats
  • This quiz has been taken 923 times
    599 since last reset
  • The average score is 98 of 182
Answers on the Map
Answers color-coded by a green-red scale on the quiz's map according to % correct below.
 
Answer Stats
Line Station % Correct
Blue Mountain Line | Central Coast & Newcastle Line | South Coast Line Central
97%
Blue Mountain Line | Central Coast & Newcastle Line | South Coast Line Redfern
92%
Central Coast & Newcastle Line | Hunter Line Newcastle Interchange
89%
Blue Mountain Line | Central Coast & Newcastle Line Strathfield
88%
Central Coast & Newcastle Line | South Coast Line Town Hall
88%
South Coast Line Bondi Junction
86%
Blue Mountain Line Penrith
86%
Blue Mountain Line Emu Plains
85%
Central Coast & Newcastle Line Hornsby
85%
Blue Mountain Line Parramatta
84%
Central Coast & Newcastle Line Wynyard
81%
Central Coast & Newcastle Line Epping
80%
Blue Mountain Line Katoomba
80%
Blue Mountain Line Lithgow
80%
Central Coast & Newcastle Line North Sydney
80%
South Coast Line Wollongong
80%
Blue Mountain Line Blacktown
79%
South Coast Line Martin Place
79%
Blue Mountain Line Bathurst
78%
Southern Highlands Line Campbelltown
78%
Central Coast & Newcastle Line Gosford
78%
South Coast Line Kings Cross
78%
Central Coast & Newcastle Line Milsons Point
78%
South Coast Line Waterfall
77%
Central Coast & Newcastle Line Chatswood
76%
South Coast Line Kiama
76%
South Coast Line Wolli Creek
76%
Central Coast & Newcastle Line Berowra
75%
South Coast Line Edgecliff
75%
Central Coast & Newcastle Line Gordon
74%
Central Coast & Newcastle Line Woy Woy
74%
Southern Highlands Line Macarthur
73%
South Coast Line Sutherland
73%
Southern Highlands Line Goulburn
72%
South Coast Line Hurstville
70%
Central Coast & Newcastle Line Mount Kuring-Gai
68%
Central Coast & Newcastle Line | Hunter Line Hamilton
67%
Central Coast & Newcastle Line Hawkesbury River
67%
Hunter Line Maitland
67%
South Coast Line Sydenham
67%
Blue Mountain Line Westmead
67%
Central Coast & Newcastle Line Wyong
67%
South Coast Line Port Kembla
66%
Hunter Line Scone
66%
Central Coast & Newcastle Line Artarmon
65%
Central Coast & Newcastle Line Asquith
65%
South Coast Line Bomaderry
65%
Central Coast & Newcastle Line Mount Colah
65%
Central Coast & Newcastle Line St Leonards
65%
South Coast Line Engadine
64%
South Coast Line Heathcote
64%
Central Coast & Newcastle Line Waverton
64%
Blue Mountain Line Mount Victoria
63%
Central Coast & Newcastle Line Wollstonecraft
63%
Blue Mountain Line Zig Zag
63%
Central Coast & Newcastle Line Broadmeadow
62%
Hunter Line Dungog
62%
South Coast Line North Wollongong
62%
Central Coast & Newcastle Line Wondabyne
62%
South Coast Line Berry
61%
Southern Highlands Line Moss Vale
61%
Blue Mountain Line Blaxland
60%
Central Coast & Newcastle Line Cowan
60%
Blue Mountain Line Bell
59%
Blue Mountain Line Blackheath
59%
South Coast Line Loftus
59%
Southern Highlands Line Picton
59%
South Coast Line Helensburgh
58%
Blue Mountain Line Springwood
58%
Blue Mountain Line Leura
57%
Southern Highlands Line Bowral
56%
South Coast Line Oatley
55%
South Coast Line Jannali
54%
Blue Mountain Line Lapstone
53%
South Coast Line Penshurst
52%
South Coast Line Shellharbour Junction
52%
South Coast Line Mortdale
51%
Blue Mountain Line Wentworth Falls
51%
South Coast Line Bombo
50%
South Coast Line Coalcliff
50%
Blue Mountain Line Glenbrook
50%
Southern Highlands Line Mittagong
50%
South Coast Line Thirroul
50%
Central Coast & Newcastle Line Adamstown
49%
Central Coast & Newcastle Line Fassifern
49%
South Coast Line Stanwell Park
49%
Central Coast & Newcastle Line Tuggerah
49%
Central Coast & Newcastle Line Cardiff
48%
South Coast Line Dapto
48%
Hunter Line East Maitland
48%
Blue Mountain Line Rydal
48%
Central Coast & Newcastle Line Morisset
47%
Hunter Line Muswellbrook
47%
Hunter Line Singleton
47%
South Coast Line Gerringong
46%
Blue Mountain Line Medlow Bath
46%
South Coast Line Port Kembla North
46%
South Coast Line Albion Park
45%
South Coast Line Lysaghts
45%
Southern Highlands Line Menangle
45%
Central Coast & Newcastle Line Ourimbah
45%
Central Coast & Newcastle Line Point Clare
45%
Central Coast & Newcastle Line Wyee
45%
South Coast Line Fairy Meadow
44%
Blue Mountain Line Faulconbridge
44%
Southern Highlands Line Menangle Park
44%
Hunter Line Waratah
44%
South Coast Line Otford
43%
Hunter Line High Street
42%
Central Coast & Newcastle Line Tascott
42%
Hunter Line Hexham
41%
Blue Mountain Line Tarana
41%
South Coast Line Austinmer
40%
Central Coast & Newcastle Line Cockle Creek
40%
Central Coast & Newcastle Line Dora Creek
40%
Central Coast & Newcastle Line Kotara
40%
Blue Mountain Line Lawson
40%
Central Coast & Newcastle Line Lisarow
40%
Central Coast & Newcastle Line Narara
40%
Hunter Line Telarah
40%
Blue Mountain Line Valley Heights
40%
South Coast Line Bulli
39%
Blue Mountain Line Hazelbrook
39%
South Coast Line Minnamurra
39%
Central Coast & Newcastle Line Niagara Park
39%
Central Coast & Newcastle Line Awaba
38%
South Coast Line Coniston
38%
South Coast Line Kembla Grange
38%
South Coast Line Scarborough
38%
South Coast Line Unanderra
38%
Hunter Line Aberdeen
37%
Central Coast & Newcastle Line Koolewong
37%
Southern Highlands Line Tahmoor
37%
Blue Mountain Line Warrimoo
37%
Southern Highlands Line Bundanoon
35%
South Coast Line Coledale
35%
South Coast Line Cringila
35%
Southern Highlands Line Douglas Park
35%
Blue Mountain Line Linden
35%
Hunter Line Victoria Street
35%
Central Coast & Newcastle Line Warnervale
35%
South Coast Line Oak Flats
34%
Hunter Line Tarro
34%
Blue Mountain Line Woodford
34%
Hunter Line Branxton
33%
Blue Mountain Line Bullaburra
33%
Southern Highlands Line Exeter
33%
Hunter Line Sandgate
33%
Southern Highlands Line Bargo
32%
Hunter Line Greta
32%
Southern Highlands Line Marulan
31%
Hunter Line Mindaribba
31%
Hunter Line Paterson
31%
Hunter Line Warabrook
31%
Hunter Line Lochinvar
30%
South Coast Line Towradgi
30%
Central Coast & Newcastle Line Booragul
29%
Central Coast & Newcastle Line Teralba
29%
South Coast Line Wombarra
29%
Southern Highlands Line Yerrinbool
29%
Hunter Line Beresfield
28%
Hunter Line Martins Creek
28%
Southern Highlands Line Penrose
27%
Hunter Line Wallarobba
27%
Southern Highlands Line Wingello
27%
South Coast Line Woonona
27%
South Coast Line Bellambi
26%
Hunter Line Wirragulla
26%
South Coast Line Corrimal
25%
Southern Highlands Line Burradoo
24%
Hunter Line Metford
24%
Hunter Line Thornton
24%
Hunter Line Hilldale
20%
Southern Highlands Line Tallong
20%
No matching quizzes found
Score Distribution
Percent of People with Each Score
Percentile by Number Answered
Your Score History
You have not taken this quiz since the last reset